| 000 | 00573nam a22002057a 4500 | ||
|---|---|---|---|
| 005 | 20220718113623.0 | ||
| 008 | 220718b ||||| |||| 00| 0 eng d | ||
| 040 | _cAloy | ||
| 041 | _aeng | ||
| 082 |
_223 _a359 _bINTN |
||
| 100 |
_aInternational Fleet Review _950570 |
||
| 245 | _aNamaste: bridges of friendship | ||
| 260 |
_aMumbai: _bInternational Fleet Review _c2001 |
||
| 300 |
_a150p. _bHB _c30x22cm |
||
| 365 | _2Others | ||
| 650 |
_aNaval Forces _950541 |
||
| 650 |
_aMilitary Science _950542 |
||
| 700 |
_aINTERNATIONAL FLEET REVIEW _950543 |
||
| 942 |
_2ddc _cGF |
||
| 999 |
_c223900 _d223900 |
||